000 00540nam a22002057a 4500
003 OSt
005 20140310182822.0
008 130517t xxu||||| |||| 00| 0 eng d
020 _a9789712349249
050 _aHA 29
_b.Al333 2008
082 _aFIL 519.5
_bAl1 2008
245 _aBasic statistics for the tertiary level
_cAlbert, Jose Ramon
260 _aManila
_bREX Book Store
_c2008
300 _a257 p.
_c22 cm
521 _acollege students
526 _c1210L-1700L
541 _j1
562 _e1
942 _2lcc
_cBK
_kFIL
999 _c16425
_d16425